000 00370nam a22001457a 4500
020 _a978-8185873374
041 _aENG
100 _aKadam.U.S
245 _aAgricultural Drainage Princlples and Practices
260 _aNew Delhi
_bWestvill Publishing House
_c2008
300 _a539
650 _aIDE
700 _a Thokal.R.T , Gorantiwar.S.D , Powar.A.G
856 _uIDE
999 _c84
_d84